Biggest Cities in Mauriccotanialicarawique on a Map - Statistics

General Stats
  • This quiz has been taken 759 times
  • The average score is 14 of 30
Answers on the Map
Answers color-coded by a green-red scale on the quiz's map according to % correct below.
 
Answer Stats
Population Answer % Correct
16,475,423 Algiers
89%
3,943,120 Rabat
89%
5,123,564 Casablanca
88%
47,456,231 Antananarivo
86%
7,556,234 Dakar
83%
4,123,489 Fes
68%
5,397,453 Maputo
68%
4,977,777 Marrakesh
66%
8,329,876 Bamako
65%
12,787,687 Nouakchott
60%
24,456,384 Harare
59%
9,486,444 Durban
58%
8,413,145 Kigali
57%
2,943,735 Port Louis
55%
9,448,886 Lilongwe
53%
22,489,743 Oran
51%
5,138,783 Timbuktu
45%
8,985,645 Bujumbura
40%
5,219,456 Mbabane
40%
9,482,687 Lubumbashi
31%
4,024,422 Agadir
28%
16,789,446 Mbuji-Mayi
20%
2,584,846 Saint-Denis
18%
10,489,746 Blantyre City
17%
9,227,475 Laayoune
17%
4,827,264 Kisangani
13%
4,746,646 Agadez
11%
2,672,378 Touba
11%
3,789,456 Mbeya
5%
5,486,314 Aouzou
4%
No matching quizzes found
Score Distribution
Percent of People with Each Score
Percentile by Number Answered
Your Score History
You have not taken this quiz